| 000 | 00784nam a22002537a 4500 | ||
|---|---|---|---|
| 003 | OSt | ||
| 005 | 20240722132746.0 | ||
| 008 | 240715b |||||||| |||| 00| 0 eng d | ||
| 020 | _a[Not Defined ](hardcover) | ||
| 040 |
_aNUST _beng _cNUST _dNUST _erda |
||
| 050 | _aTX295 MOD | ||
| 245 | _aModern homes illustrated | ||
| 260 |
_aLondon : _bOdhams Press Limited, |
||
| 300 |
_aLvi, Lxxii,319 pages ; _bIllustrations ; _c23 cm. |
||
| 336 |
_2rdamedia _atext _btxt |
||
| 337 |
_2rdamedia _aunmediated _bn |
||
| 338 |
_2rdamedia _avolume _bnc |
||
| 504 | _aIncludes bibliographical references and index. | ||
| 650 | _vArchitectural design. | ||
| 650 | _vModern Homes | ||
| 650 | _vArchitecture | ||
| 700 |
_aYearbury, F. R _eEditor |
||
| 942 |
_2lcc _cBOOKS _hZ5943.A72MOD _kZ _mMOD _n0 |
||
| 999 |
_c170829 _d170829 |
||